000 00283nam a22001217a 4500
082 _a823
_bJOH/S
100 _aWTSS, JOHANN RUNDOFF
245 _aTHE SWISS FAMILY ROBINSON
260 _aHYDERABAD
_bORIENT LONGMAN
_c1974
300 _a109
650 _aENGLISH STORY
_zINDIA
942 _cBK
999 _c7278
_d7278